| 000 | 00935nam a2200241Ia 4500 | ||
|---|---|---|---|
| 003 | OSt | ||
| 005 | 20250826111052.0 | ||
| 008 | 210423s2010 xx 000 0 und d | ||
| 020 | _a9788130913735 | ||
| 040 | _cAL | ||
| 041 | _aEnglish | ||
| 082 |
_a323 _bPOLH |
||
| 100 |
_aAdamantia Pollis _9117157 |
||
| 245 |
_aHuman rights _b: new perspectives new realities |
||
| 260 |
_aNew Delhi _bViva Books Pvt Ltd _c2010 |
||
| 300 |
_a258p. _bPB _c23x15.5cm. |
||
| 365 |
_b395 _cINR |
||
| 520 | _aA new universalism; Liberal democracy and Minority rights; Women's rights in Islam; Human environmental rights; The consolidation of democracy and human rights; Human environmental rights; Political community and human rights in post-communist. | ||
| 650 |
_aCivil & Political Rights _9117158 _2Political Science |
||
| 700 |
_aSchwab, Peter _9237160 |
||
| 906 | _aHuman ; new ; perspectives ; realities ; rights:new | ||
| 942 |
_2ddc _cBK |
||
| 999 |
_c175518 _d175518 |
||